| 000 | 00945nam a2200277Ia 4500 | ||
|---|---|---|---|
| 003 | OSt | ||
| 005 | 20221005112055.0 | ||
| 006 | a|||||r|||| 00| 0 | ||
| 007 | ta | ||
| 008 | 221004b |||||||| |||| 00| 0 hin d | ||
| 020 |
_a9789381520291 (hbk) _cIndian Rupees 150 |
||
| 024 | _a33825 | ||
| 037 |
_bGift, 03/10/2017, _cTextual |
||
| 040 |
_aCRL _cCRL _bhin |
||
| 041 |
_2hin _ahin |
||
| 082 | _aO152,3N752,AM, Q6 | ||
| 100 | _aपंकज सुबीर, ले. | ||
| 245 | 0 | _aअकाल में उत्सव | |
| 246 | _aAkāl mean utsava | ||
| 260 |
_aसीहोर _bशिवना प्रकाशन भारत _c2016 |
||
| 300 |
_a224पृ0 _ccm. |
||
| 650 | _a हिन्दी साहित्य | ||
| 650 | _aहिन्दी कहानी | ||
| 942 |
_hO152,3N752,AM, Q6 _cTEXL _2cc |
||
| 999 |
_c1023745 _d1023745 |
||